Gissa språket #1 - Statistics

General Stats
  • This quiz has been taken 211 times
  • The average score is 3 of 10
Answer Stats
Exempel Språk % Correct
Quelques jours plus tard, le cadet vendit tout ce qu'il avait reçu et s'en alla dans un pays lointain. Là, il gaspilla sa fortune en menant grande vie. Franska
91%
Hvernig heldurðu að framtíðin verði? Verður heimurinn... óbreyttur? Verri? Betri? Isländska
61%
Küçük oğul çaresizlikten domuzların yediği keçiboynuzunu bile yemeye razıymış, fakat kimse ona bir şey vermemiş. Turkiska
55%
Huyo mtumishi akamwambia: ‘Ndugu yako amerudi nyumbani, na baba yako amemchinjia ndama mnono kwa kuwa amempata akiwa salama salimini.’ Swahili
26%
ਸਾਰਾ ਮਨੁੱਖੀ ਪਰਿਵਾਰ ਆਪਣੀ ਮਹਿਮਾ, ਸ਼ਾਨ ਅਤੇ ਹੱਕਾਂ ਦੇ ਪੱਖੋਂ ਜਨਮ ਤੋਂ ਹੀ ਆਜ਼ਾਦ ਹੈ ਅਤੇ ਸੁਤੇ ਸਿੱਧ ਸਾਰੇ ਲੋਕ ਬਰਾਬਰ ਹਨ । ਉਨ੍ਹਾਂ ਸਭਨਾ ਨੂੰ ਤਰਕ ਅਤੇ ਜ਼ਮੀਰ ਦੀ ਸੌਗਾਤ ਮਿਲੀ ਹੋਈ ਹੈ ਅਤੇ ਉਨ੍ਹਾਂ ਨੂੰ ਭਰਾਤਰੀਭਾਵ ਦੀ ਭਾਵਨਾ ਰਖਦਿਆਂ ਆਪਸ ਵਿਚ ਵਿਚਰਣਾ ਚਾਹੀਦਾ ਹੈ । Sārā manukhī parivāra āpaṇī mahimā, śāna atē hakāṁ dē pakhoṁ janama tōṁ hī āzāda hai atē sutē sidha sārē lōka barābara hana. Unhāṁ sabhanā nū taraka atē zamīra dī saugāta milī ho'ī hai atē unhāṁ nū bharātarībhāva dī bhāvanā rakhadi'āṁ āpasa vica vicaraṇā cāhīdā hai. Punjabi
12%
Bot wi did so glad wi did afi daans an praans, kaaz yu breda we did ded an kom bak alaiv, kom bak uom. Im did laas bot wi get im bak. Jamaicansk kreol
4%
Te ha kua ǀʼan ha ǀʼee ko nǃabo ǃaesa o tzamahma ko nǃobe nǃaʼan gasi, ǁʼan ha nǃohm nǂau koa ha ku u ǃʼoan ha ǀʼee ko kurihsa o nǃani kota kurih gǃohm, te ǁʼan te ge gǃaah nǃaia o ǂʼangama nǃaʼan ga. Juǀʼhoan
2%
ᑕ ᑭᒋ ᐊᐲᑌᓐᑖᑾᓐ ᑲᔦ ᑕ ᒌᑫᓐᑖᑾᓐ ᐊᓄᑮᐎᓐ᙮ ᑳᐐᓐ ᐊᐗᔑᒣ ᐋᑯᓯᐎᓐ ᑫᒫ ᑲᒀᑕᑭᑑᐎᓐ ᑕ ᐊᔮᒪᑲᓯᓅᓐ᙮ ᑭᑖ ᒌᑫᓐᑖᓐ ᑳᑭᑫ ᐱᒫᑎᓯᐎᓐ ᑕᑯ ᑲᔦ ᑭᐐᒋᐊᒫᑲᓇᒃ ᔑᑾ ᑭᐐᒌᐙᑲᓇᒃ᙮ Da-gichi-apiitendaagwan gaye da-jiikendaagwan anokiiwin. Gaawiin awashime aakoziwin gemaa gagwaadagitoowin da-ayaamagasinoon. Gidaa-jiikendaan gaagige-bimaadiziwin dago gaye giwiiji'amaaganag zhigwa giwiijiiwaaganag. Ojibwa
2%
Ngapa kulalpa wantija yangka ngula-warnurla yungu mangarrirlangu pardiyarla. Yapaju ngulajulpalu yarnunjuku nyinaja mangarri ngarninja-wangu. Yali kukurnu-nyanujulpa tala-wangu nyinaja. Yarnunjuku-nyayirnilpa nyinaja. Warlpiri
2%
—Küsawkʼaunük kajwuk a küna! —Küpasnütün! Küsü mümün? —Jatkü kümün kua. Nagüchajkaküma. —Waujua. Puelche
1%
No matching quizzes found
Score Distribution
Percent of People with Each Score
Percentile by Number Answered
Your Score History
You have not taken this quiz